| 000 | 00346nam a2200133 4500 | ||
|---|---|---|---|
| 005 | 20260530115303.0 | ||
| 100 | 1 |
_aChistopher Freeman _931541 |
|
| 245 | 1 | 0 | _aIndustrial Innovation |
| 264 | 1 |
_bPenguin Modern Economics _c1974 |
|
| 300 | _a410 páginas | ||
| 336 |
_atexto _2rdacontent |
||
| 337 |
_asin medio _2rdamedia |
||
| 338 |
_avolumen _2rdacarrier |
||
| 999 |
_c12957 _d12957 |
||